Befejeződött a nemzetközi tudományos konferencia
Elmentve itt :
| Dokumentumtípus: | Cikk |
|---|---|
| Megjelent: |
1975-06-07
|
| Sorozat: | Délmagyarország
65 No. 132 |
| Kulcsszavak: | közigazgatás |
| Online Access: | http://dmarchiv.bibl.u-szeged.hu/113949 |
| LEADER | 00423nab a2200145 i 4500 | ||
|---|---|---|---|
| 001 | delm113949 | ||
| 005 | 20190425103209.0 | ||
| 008 | 190425s1975 hu o 0|| hun d | ||
| 040 | |a SZTE Délmagyarország Archívum |b hun | ||
| 041 | |a hun | ||
| 245 | 0 | 0 | |a Befejeződött a nemzetközi tudományos konferencia |h [elektronikus dokumentum] |
| 260 | |c 1975-06-07 | ||
| 300 | |a 3 | ||
| 490 | 0 | |a Délmagyarország |v 65 No. 132 | |
| 695 | |a közigazgatás | ||